|
|
|
|
| LEADER |
00000nam a2200000 a 4500 |
| 001 |
vtls008322644 |
| 003 |
SK-MaSNL |
| 005 |
20260301074958.0 |
| 008 |
181127s1957 xo 000 slo |
| 015 |
|
|
|a SKSNBA1957/07-00944
|
| 035 |
|
|
|a SK01SNK19570014861
|
| 035 |
|
|
|a SKM000017324
|
| 040 |
|
|
|a SNK
|b slo
|c SNK
|e AACR2
|
| 041 |
0 |
|
|a slo
|
| 044 |
|
|
|a xo
|c SK
|
| 080 |
|
|
|a 391(437.6):061.4(041)
|2 1981
|
| 245 |
0 |
0 |
|a Ľudový odev v okolí Trnavy
|b Slovenské múzeum Bratislava-krajské múzeum Trnava, výstava 1957
|
| 260 |
|
|
|a [Slovensko?]
|b [vydavateľ nie je známy]
|c 1957
|e [Bratislava]
|f [Merkantilné tlačiarne]
|
| 300 |
|
|
|a [8] s.
|c 8°
|
| 500 |
|
|
|a Ilustr.
|
| 500 |
|
|
|a [Obál. tit.]
|
| 648 |
|
7 |
|a 1957
|2 SNKPH
|9 307217
|
| 650 |
0 |
7 |
|a ľudové odevy
|2 SNKPH
|9 85297
|
| 650 |
0 |
7 |
|a výstavy
|2 SNKPH
|9 2780
|
| 651 |
|
7 |
|a Trnava (Slovensko)
|2 SNKPH
|9 19407
|
| 655 |
|
7 |
|a príručky
|2 SNKPH
|9 74364
|
| 852 |
|
|
|a Slovenská národná knižnica v Martine
|b 10000
|h SD 13428
|
| 852 |
|
|
|a Slovenská národná knižnica v Martine
|b 10000
|h SD 13428 D1
|
| 958 |
|
|
|a OND
|
| 958 |
|
|
|a TL
|
| 958 |
|
|
|a RK
|
| 958 |
|
|
|a BQ
|
| 999 |
|
|
|c 648809
|d 650739
|
| 952 |
|
|
|a SNK
|b SNK
|y PREZ
|7 0
|p 17A0504198
|o snkSD 13428
|i snkKSP 1493/57
|0 0
|1 0
|4 0
|d 2006-04-15
|l 0
|r 2025-11-26 00:00:00
|w 2026-02-23
|